000 00438nam a2200157 i 4500
001 45365
003 ES-MaACL
005 20230906161215.0
007 t|
008 030325s1972 sp ||||1| spa d
100 1 _aColeman, Charles.
_939574
245 1 0 _aPuertas de hierro forjado... /
_cCharles Coleman.
260 _aBarcelona :
_bGustavo Gili,
_c[1972]
300 _a84 h., 32 lám. ;
_c29 cm.
852 _aES-MaACL
_jC-47217
_bR.84189
999 _c45365
_d45365